RESEARCH METHODS FOR CLINICAL AND HEALTH PSYCHOLOGY (Record no. 20947)

MARC details
000 -LEADER
fixed length control field 00351nam a22001457a 4500
003 - CONTROL NUMBER IDENTIFIER
control field SGT
020 ## - INTERNATIONAL STANDARD BOOK NUMBER
International Standard Book Number 9780761971917
082 ## - DEWEY DECIMAL CLASSIFICATION NUMBER
Classification number 616.890072,MAR,
100 ## - MAIN ENTRY--PERSONAL NAME
Personal name MARKS,DAVID,F
245 ## - TITLE STATEMENT
Title RESEARCH METHODS FOR CLINICAL AND HEALTH PSYCHOLOGY
250 ## - EDITION STATEMENT
Edition statement 1ST
260 ## - PUBLICATION, DISTRIBUTION, ETC. (IMPRINT)
Place of publication, distribution, etc NEW DELHI
Name of publisher, distributor, etc SAGE PUBLICATIONS
Year of Publication 2004
300 ## - PAGE DESCRIPTION
No. of Pages 248
942 ## - ADDED ENTRY ELEMENTS (KOHA)
Source of classification or shelving scheme Dewey Decimal Classification
Koha item type Books
942 ## - ADDED ENTRY ELEMENTS (KOHA)
-- 6
Holdings
Withdrawn status Lost status Source of classification or shelving scheme Damaged status Not for loan Collection code Home library Current library Shelving location Date acquired Vendor Name Cost, normal purchase price SGTU Bill Number Total Checkouts Full call number Accession No. (Barcode) Date last seen Date last borrowed Bill Date Koha item type Use restrictions
    Dewey Decimal Classification     ENGINEERING SGT Engineering Library SGT Engineering Library Text Book 10/03/2021 AHUJA BOOK COMPANY 3776.00 SGTU 12772 5 616.890072,MAR FE8124 18/08/2023 13/06/2023 26/02/2021 Books  
    Dewey Decimal Classification   Not For Loan ENGINEERING SGT Engineering Library SGT Engineering Library Reference Book 10/03/2021 AHUJA BOOK COMPANY 3776.00 SGTU 12772 1 616.890072,MAR FE8125 22/07/2023 22/07/2023 26/02/2021 Books Restricted Access